[Event "Sparkassen-Open A"]
[Site "Heusenstamm, Martinsee"]
[Date "2022.11.18"]
[Round "3.1"]
[White "Safarli, Eltaj"]
[Black "Weber, Samuel"]
[Result "1-0"]
[WhiteElo "2616"]
[BlackElo "2198"]
[PlyCount "121"]
[EventDate "2022.??.??"]
[WhiteTeam "vereinslos"]
[BlackTeam "SV Oberursel"]

1. e4 c5 2. Nf3 e6 3. Nc3 Nc6 4. d4 cxd4 5. Nxd4 Qc7 6. g3 a6 7. Bg2 Nf6 8. O-O
Nxd4 9. Qxd4 Bc5 10. Qd1 h5 11. Na4 Be7 12. Be3 d6 13. Bb6 Qc6 14. c4 e5 15. h3
Be6 16. Be3 Nd7 17. Rc1 h4 18. Nc3 hxg3 19. fxg3 O-O 20. Nd5 Bd8 21. Qh5 Qa4
22. g4 Rc8 23. g5 Bxd5 24. exd5 Rxc4 25. b3 Rh4 26. Qxf7+ Rxf7 27. bxa4 Nc5 28.
g6 Rf6 29. Rxf6 gxf6 30. Rb1 b6 31. a5 b5 32. Bf2 Rh6 33. a4 Nxa4 34. Rc1 Nc5
35. Bxc5 dxc5 36. Rxc5 Bxa5 37. Rc8+ Kg7 38. Be4 Rxh3 39. Rb8 Rh8 40. Rb7+ Kh6
41. Rf7 Bd8 42. Kg2 Rg8 43. Kf3 Kg5 44. d6 a5 45. Rd7 Bb6 46. Rb7 Bc5 47. g7
Kh6 48. Rf7 Bxd6 49. Rxf6+ Kxg7 50. Rxd6 Rb8 51. Ra6 a4 52. Kg4 Rf8 53. Kg5 Rf7
54. Bd5 Rc7 55. Rg6+ Kh7 56. Kf6 Rc1 57. Be4 Rf1+ 58. Bf5 Kh8 59. Rg5 a3 60.
Kf7 Rxf5+ 61. Rxf5 1-0

[Event "Sparkassen-Open A"]
[Site "Heusenstamm, Martinsee"]
[Date "2022.11.18"]
[Round "3.2"]
[White "Korneev, Oleg"]
[Black "Förster, Erik"]
[Result "1-0"]
[WhiteElo "2470"]
[BlackElo "2175"]
[PlyCount "59"]
[EventDate "2022.??.??"]
[WhiteTeam "vereinslos"]
[BlackTeam "Sfr.Heidesheim"]

1. e4 e5 2. Nf3 Nf6 3. d4 Nxe4 4. Bd3 d5 5. Nxe5 Nd7 6. Nc3 Nxc3 7. bxc3 Nxe5
8. dxe5 Bc5 9. O-O Be6 10. Rb1 Bb6 11. a4 Qd7 12. Kh1 O-O-O 13. Qf3 Qxa4 14.
Bg5 Rdg8 15. c4 Qd7 16. Be3 d4 17. Bd2 c5 18. Rb5 Qc7 19. Rfb1 Bd7 20. Bf5 Bxf5
21. Qxf5+ Qd7 22. Qf3 Qc6 23. Qa3 Kd7 24. Ba5 Ra8 25. Qh3+ Qe6 26. Qb3 Rhb8 27.
Bxb6 axb6 28. Rxb6 Qxe5 29. Rxb7+ Kc8 30. Qb6 1-0

[Event "Sparkassen-Open A"]
[Site "Heusenstamm, Martinsee"]
[Date "2022.11.18"]
[Round "3.3"]
[White "Hinrichs, Paul"]
[Black "Milov, Leonid"]
[Result "1/2-1/2"]
[WhiteElo "2172"]
[BlackElo "2433"]
[PlyCount "119"]
[EventDate "2022.??.??"]
[WhiteTeam "Sfr.Heidesheim"]
[BlackTeam "SC Noris-Tarrasch Nürnberg"]

1. d4 f5 2. c4 Nf6 3. Nf3 e6 4. g3 Bb4+ 5. Bd2 a5 6. Bg2 O-O 7. O-O Bxd2 8.
Qxd2 Ne4 9. Qc2 d6 10. Nc3 Nxc3 11. Qxc3 Qf6 12. c5 d5 13. a3 a4 14. b4 axb3
15. Rfb1 Nc6 16. Rxb3 f4 17. e3 fxg3 18. fxg3 Qh6 19. Rb2 Ra7 20. Rf2 Bd7 21.
Raf1 Raa8 22. Nd2 Rxf2 23. Rxf2 Rf8 24. Qb3 Nxd4 25. Rxf8+ Kxf8 26. Qd3 Nf5 27.
Nf1 Bc6 28. e4 Ne7 29. exd5 Bxd5 30. Qb5 Qc1 31. a4 Bxg2 32. Kxg2 Qc2+ 33. Kg1
Qe4 34. Qa5 Qd4+ 35. Kg2 Qd5+ 36. Kf2 b6 37. Qb4 Qxc5+ 38. Qxc5 bxc5 39. Ke3
Nc6 40. Nd2 Na5 41. Ne4 Ke7 42. g4 e5 43. Nxc5 Kd6 44. Ne4+ Kd5 45. Kd3 c6 46.
h4 Nb7 47. Nc3+ Kc5 48. Ne4+ Kb4 49. Ng5 h6 50. Nf7 Nc5+ 51. Ke3 Nxa4 52. Nxe5
c5 53. Kf4 c4 54. Nxc4 Kxc4 55. Kf5 Nc5 56. h5 Kd5 57. g5 hxg5 58. Kxg5 Ne6+
59. Kg6 Ke5 60. h6 1/2-1/2

[Event "Sparkassen-Open A"]
[Site "Heusenstamm, Martinsee"]
[Date "2022.11.18"]
[Round "3.4"]
[White "Krastev, Alexander"]
[Black "Wolf, Ulrich Martin"]
[Result "0-1"]
[WhiteElo "2422"]
[BlackElo "2182"]
[PlyCount "64"]
[EventDate "2022.??.??"]
[WhiteTeam "SG Solingen"]
[BlackTeam "SK Bad Homburg 1927"]

1. e4 c5 2. Nc3 Nc6 3. Bb5 Nd4 4. Nf3 e6 5. O-O a6 6. Bd3 Nc6 7. Be2 Nf6 8. d4
cxd4 9. Nxd4 Qc7 10. Be3 b5 11. Nxc6 dxc6 12. a3 Be7 13. f4 Bb7 14. e5 Nd5 15.
Nxd5 exd5 16. f5 Qxe5 17. Bd4 Qc7 18. Bxg7 Rg8 19. f6 Bc5+ 20. Kh1 O-O-O 21.
Bd3 Bd6 22. Qh5 c5 23. Rae1 Rge8 24. Qxh7 Kb8 25. h4 c4 26. Bf5 d4 27. Qh5 Bg3
28. Rxe8 Rxe8 29. Qg4 Re3 30. h5 Qc6 31. Rg1 Qxg2+ 32. Rxg2 Re1# 0-1

[Event "Sparkassen-Open A"]
[Site "Heusenstamm, Martinsee"]
[Date "2022.11.18"]
[Round "3.6"]
[White "Ochs, Daniel Elias"]
[Black "Eilers, Stefan"]
[Result "1/2-1/2"]
[WhiteElo "2107"]
[BlackElo "2292"]
[PlyCount "54"]
[EventDate "2022.??.??"]
[WhiteTeam "Wiesbadener SV 1885"]
[BlackTeam "SG Dietzenbach"]

1. d4 d5 2. c4 e6 3. Nf3 c5 4. cxd5 exd5 5. g3 Nc6 6. Bg2 Nf6 7. O-O cxd4 8.
Nxd4 Bc5 9. Nxc6 bxc6 10. Qc2 Qb6 11. Nc3 Be7 12. Be3 Qa6 13. Na4 O-O 14. Bc5
Re8 15. e3 Bg4 16. h3 Bh5 17. Bxe7 Rxe7 18. Nc5 Qb6 19. Rac1 Rc8 20. b3 Bg6 21.
Qd2 h5 22. Qd4 Be4 23. Bxe4 Nxe4 24. Rfd1 h4 25. Nxe4 Rxe4 26. Qxb6 axb6 27. g4
Ree8 1/2-1/2

[Event "Sparkassen-Open A"]
[Site "Heusenstamm, Martinsee"]
[Date "2022.11.18"]
[Round "3.7"]
[White "Neukirchner, Pascal"]
[Black "Papadopoulos, Ioannis"]
[Result "1/2-1/2"]
[WhiteElo "2288"]
[BlackElo "2114"]
[PlyCount "126"]
[EventDate "2022.??.??"]
[WhiteTeam "SK Gründau"]
[BlackTeam "SV Oberursel"]

1. d4 Nf6 2. c4 e6 3. g3 d5 4. Bg2 Be7 5. Nf3 O-O 6. O-O dxc4 7. Qc2 a6 8. a4
Bd7 9. Rd1 Bc6 10. Bg5 Nbd7 11. Nbd2 h6 12. Bxf6 Nxf6 13. Qxc4 a5 14. b3 Bb4
15. Rac1 Qe7 16. Ne5 Bxg2 17. Kxg2 c6 18. Nd3 Bxd2 19. Rxd2 Ne4 20. Rdd1 Rfd8
21. e3 Qf6 22. f3 Nd6 23. Qc3 Nf5 24. Ne5 Ne7 25. e4 Ng6 26. Ng4 Qe7 27. Qc5
Qc7 28. Ne3 Nf8 29. f4 Nd7 30. Qc3 Nf6 31. Qc2 Qb6 32. Nc4 Qb4 33. e5 Nd5 34.
Re1 b5 35. Nd6 Qxd4 36. Qxc6 bxa4 37. Qb7 Rf8 38. Nxf7 Rab8 39. Nxh6+ gxh6 40.
Qc6 Rb6 41. Qxa4 Qd2+ 42. Kh1 Qd3 43. Qe4 Qxe4+ 44. Rxe4 Rxb3 45. Ra4 Rb5 46.
Rc6 Kf7 47. g4 Ne3 48. h3 Rd8 49. Rc7+ Kg6 50. Ra2 Rd1+ 51. Kh2 Rf1 52. Rc6
Rxf4 53. Kg3 Re4 54. Rxe6+ Kf7 55. Rxh6 Rexe5 56. Ra6 Nc4 57. Rf2+ Ke7 58. Rff6
Rb3+ 59. Kf4 Rbe3 60. Rh6 R5e4+ 61. Kf5 Re5+ 62. Kf4 R5e4+ 63. Kf5 Re5+ 1/2-1/2

[Event "Sparkassen-Open A"]
[Site "Heusenstamm, Martinsee"]
[Date "2022.11.18"]
[Round "3.8"]
[White "Laux, Dominik"]
[Black "Perske, Paul"]
[Result "1-0"]
[WhiteElo "2280"]
[BlackElo "2043"]
[PlyCount "67"]
[EventDate "2022.??.??"]
[WhiteTeam "SV 1920 Hofheim"]
[BlackTeam "Sfr.Heidesheim"]

1. e4 e5 2. Nf3 Nc6 3. Bc4 Bc5 4. c3 Nf6 5. d3 d6 6. O-O a6 7. a4 Ba7 8. Re1 h6
9. Nbd2 O-O 10. h3 Re8 11. Nf1 Be6 12. Bxe6 Rxe6 13. Ng3 d5 14. Qc2 Qd7 15. b4
dxe4 16. dxe4 Rd8 17. Be3 Bxe3 18. Rxe3 g6 19. Re2 b5 20. axb5 axb5 21. Rd2 Rd6
22. Rad1 Qe6 23. Rxd6 Rxd6 24. Rxd6 cxd6 25. Qd3 Qc4 26. Qxd6 Nxe4 27. Nxe4
Qxe4 28. Qc5 Qb1+ 29. Kh2 Qe4 30. Kh1 Kg7 31. Qxb5 Ne7 32. Qxe5+ Qxe5 33. Nxe5
Nd5 34. b5 1-0

[Event "Sparkassen-Open A"]
[Site "Heusenstamm, Martinsee"]
[Date "2022.11.18"]
[Round "3.9"]
[White "Besou, Hussain"]
[Black "Gallasch, Jonas"]
[Result "1-0"]
[WhiteElo "2106"]
[BlackElo "2275"]
[PlyCount "89"]
[EventDate "2022.??.??"]
[WhiteTeam "LSV Turm Lippstadt"]
[BlackTeam "SG Porz"]

1. e4 c6 2. d4 d5 3. e5 c5 4. dxc5 e6 5. a3 Nc6 6. Nf3 Bxc5 7. b4 Bb6 8. Bb2
Nge7 9. Bd3 Ng6 10. O-O O-O 11. Re1 f6 12. exf6 gxf6 13. c4 dxc4 14. Bxc4 Qxd1
15. Rxd1 Kg7 16. Nc3 e5 17. Nd5 Bg4 18. Nxb6 axb6 19. h3 Bxf3 20. Rd7+ Kh8 21.
gxf3 Rab8 22. Rad1 Rfd8 23. R1d6 Rxd7 24. Rxd7 Nf4 25. Bc1 b5 26. Bxb5 Rg8+ 27.
Kf1 Nxh3 28. Be3 Rg1+ 29. Ke2 Nd4+ 30. Bxd4 exd4 31. Rxd4 Ra1 32. a4 Ng1+ 33.
Ke3 h5 34. Rd5 Re1+ 35. Kf4 Nh3+ 36. Kf5 h4 37. Kxf6 Nf4 38. Rf5 Re6+ 39. Kf7
Rh6 40. Rxf4 h3 41. Bf1 h2 42. Bg2 h1=Q 43. Bxh1 Rxh1 44. Ke6 Ra1 45. a5 1-0

[Event "Sparkassen-Open A"]
[Site "Heusenstamm, Martinsee"]
[Date "2022.11.18"]
[Round "3.10"]
[White "Poschadel, Andreas Gregor"]
[Black "Jakel, Wolfgang"]
[Result "0-1"]
[WhiteElo "2107"]
[BlackElo "2267"]
[PlyCount "130"]
[EventDate "2022.??.??"]
[WhiteTeam "Hamelner SV"]
[BlackTeam "VSG 1880 Offenbach"]

1. e4 c5 2. Nf3 d6 3. d4 cxd4 4. Nxd4 Nf6 5. Nc3 a6 6. f3 e5 7. Nb3 Be7 8. Be3
h5 9. Qe2 Be6 10. O-O-O Nbd7 11. Kb1 Rc8 12. Qe1 Qc7 13. Be2 b5 14. a3 Nb6 15.
Bxb6 Qxb6 16. Nd5 Qc6 17. Nb4 Qb7 18. Qd2 O-O 19. g3 d5 20. Nxd5 Nxd5 21. exd5
Rfd8 22. Qe3 Rxd5 23. Rxd5 Bxd5 24. Qxe5 Bxf3 25. Re1 Bf6 26. Qe3 Bxe2 27. Rxe2
Qd5 28. Rd2 Qf5 29. Qb6 Qe5 30. c3 Bg5 31. Rc2 Rd8 32. Nd4 Rd6 33. Qb8+ Kh7 34.
Re2 Qd5 35. Qe8 Bf6 36. Rd2 Bxd4 37. Rxd4 Qf5+ 38. Ka1 Re6 39. Qd8 Re1+ 40. Rd1
Re2 41. Rd2 Qf1+ 42. Ka2 Re1 43. Qd4 Qf5 44. Rd1 Qe6+ 45. Ka1 Re4 46. Qd8 g6
47. Qf8 Qf6 48. Qc8 Re2 49. Qh3 Qf3 50. Rf1 Qd5 51. g4 Qd2 52. Rb1 Rxh2 53. Qf1
Rf2 54. Qh3 Rh2 55. Qf3 Qf2 56. Qe4 Rh4 57. Qd3 Rxg4 58. Qd6 h4 59. Qxa6 h3 60.
Qc8 Qf3 61. Qc7 Rf4 62. Qe5 h2 63. Ka2 Rh4 64. Qxb5 h1=Q 65. Rxh1 Rxh1 0-1

[Event "Sparkassen-Open A"]
[Site "Heusenstamm, Martinsee"]
[Date "2022.11.18"]
[Round "3.11"]
[White "Alber, Horst"]
[Black "Poysti, Nathanael"]
[Result "1/2-1/2"]
[WhiteElo "2249"]
[BlackElo "2087"]
[PlyCount "79"]
[EventDate "2022.??.??"]
[WhiteTeam "SK Marburg 1931/72"]
[BlackTeam "Ottakring"]

1. d4 Nf6 2. c4 e6 3. g3 Bb4+ 4. Bd2 Bxd2+ 5. Qxd2 d5 6. Bg2 Nbd7 7. Nf3 c6 8.
Qc2 O-O 9. O-O b6 10. cxd5 cxd5 11. Nc3 Bb7 12. Rac1 Qb8 13. a4 Rc8 14. Qb3 Ba6
15. Nb5 Bxb5 16. axb5 a6 17. Nd2 axb5 18. Qxb5 Ra7 19. Nb1 Rac7 20. Rxc7 Qxc7
21. Nc3 Qc4 22. Qxc4 Rxc4 23. e3 Kf8 24. Rb1 Ke7 25. Bf1 Rc8 26. Ra1 Ne8 27.
Ra7 Rc7 28. Rxc7 Nxc7 29. Bd3 h6 30. Kf1 Kd6 31. Nb5+ Nxb5 32. Bxb5 f5 33. Ke2
g5 34. h3 Nf6 35. f3 Nh5 36. g4 Nf6 37. Bd3 fxg4 38. hxg4 e5 39. Bf5 exd4 40.
exd4 1/2-1/2

[Event "Sparkassen-Open A"]
[Site "Heusenstamm, Martinsee"]
[Date "2022.11.18"]
[Round "3.12"]
[White "Heimrath, Reiner"]
[Black "Schmidt, Markus"]
[Result "1/2-1/2"]
[WhiteElo "2187"]
[BlackElo "2099"]
[PlyCount "70"]
[EventDate "2022.??.??"]
[WhiteTeam "SC Noris-Tarrasch NÃ¼rnberg"]
[BlackTeam "SK Niederbrechen 1948"]

1. e4 c5 2. Nc3 Nc6 3. d3 g6 4. Be3 d6 5. d4 cxd4 6. Bxd4 Nxd4 7. Qxd4 Nf6 8.
e5 dxe5 9. Qxd8+ Kxd8 10. Nf3 a6 11. Bc4 Ke8 12. Nxe5 e6 13. O-O Bb4 14. Nd1
Bd7 15. Ne3 Rc8 16. Rad1 Ke7 17. Be2 Rhd8 18. Bf3 Rc7 19. Rd3 Bc8 20. Rfd1 Rxd3
21. Nxd3 Ba5 22. c3 Bb6 23. Ne5 Ba7 24. N5c4 Ne8 25. h4 Rd7 26. Re1 Nf6 27. a4
Kf8 28. Na5 Bb6 29. Nec4 Bd8 30. Nb3 Nd5 31. g3 Nb6 32. Re4 Nxc4 33. Rxc4 Rc7
34. Rb4 Be7 35. Rd4 Bf6 1/2-1/2

[Event "Sparkassen-Open A"]
[Site "Heusenstamm, Martinsee"]
[Date "2022.11.18"]
[Round "3.13"]
[White "Chassard, Cedric"]
[Black "Player, Edmund"]
[Result "0-1"]
[WhiteElo "2041"]
[BlackElo "2212"]
[PlyCount "112"]
[EventDate "2022.??.??"]
[WhiteTeam "SC Schwarzenbach"]
[BlackTeam "FC Bayern München"]

1. e4 e6 2. d4 d5 3. Nd2 h6 4. Bd3 c5 5. dxc5 Bxc5 6. Nb3 Bd6 7. exd5 exd5 8.
Nf3 Ne7 9. O-O Bg4 10. Nbd4 Nbc6 11. Be3 O-O 12. Qd2 Ng6 13. h3 Bd7 14. Nb5 Be6
15. Nxd6 Qxd6 16. Bxh6 gxh6 17. Qxh6 Qf4 18. Qh5 Qf6 19. Ng5 Rfe8 20. Rae1 Nce5
21. Bb5 Bd7 22. f4 Nf3+ 23. Rxf3 Rxe1+ 24. Kf2 Re7 25. Qh7+ Kf8 26. Bxd7 Rxd7
27. f5 Ne5 28. Rg3 Ke7 29. Re3 Rh8 30. Qxf7+ Qxf7 31. Rxe5+ Kd6 32. Nxf7+ Rxf7
33. Re6+ Kd7 34. Re5 Kd6 35. Re6+ Kc5 36. g4 Rxh3 37. Kg2 Rh4 38. Kg3 Rh1 39.
f6 Rf8 40. g5 Rg1+ 41. Kf4 Rg2 42. Re7 Kd6 43. Kf5 Rf2+ 44. Kg6 Rxc2 45. Kg7
Rd8 46. Re1 Rxb2 47. f7 Rxa2 48. Re8 Rd7 49. g6 Rg2 50. Kh6 Rh2+ 51. Kg5 Rg2+
52. Kh4 Rf2 53. Rf8 Rfxf7 54. gxf7 Ke6 55. Ra8 Rxf7 56. Rxa7 Ke5 0-1

[Event "Sparkassen-Open A"]
[Site "Heusenstamm, Martinsee"]
[Date "2022.11.18"]
[Round "3.14"]
[White "Eurich, Jannik"]
[Black "Hebbering, Tom Elliot"]
[Result "1/2-1/2"]
[WhiteElo "1992"]
[BlackElo "2229"]
[PlyCount "83"]
[EventDate "2022.??.??"]
[WhiteTeam "SK Langen"]
[BlackTeam "SK 1980 Gernsheim"]

1. e4 c5 2. Nf3 e6 3. d4 cxd4 4. Nxd4 Nc6 5. Nc3 Qc7 6. Be3 a6 7. a3 Nf6 8. f4
Nxd4 9. Qxd4 Ng4 10. O-O-O Nxe3 11. Qxe3 d6 12. g4 Bd7 13. Bd3 O-O-O 14. h4 Bc6
15. Bc4 h5 16. g5 g6 17. Rhe1 Bg7 18. Bb3 Bd7 19. Ne2 Qc5 20. Ng3 Qxe3+ 21.
Rxe3 Kc7 22. Red3 Bb5 23. Rf3 Rhe8 24. f5 Be5 25. fxg6 fxg6 26. c4 Bc6 27. Bc2
Rf8 28. Rdf1 Rxf3 29. Rxf3 Kd7 30. Ne2 Ke7 31. Nf4 Be8 32. Nd3 Bd4 33. Kd2 Rc8
34. b3 e5 35. Nb4 Bf7 36. Rf6 Rf8 37. Ke2 a5 38. Nd5+ Bxd5 39. Rxf8 Bxc4+ 40.
bxc4 Kxf8 41. a4 Bc3 42. Bb3 1/2-1/2

[Event "Sparkassen-Open A"]
[Site "Heusenstamm, Martinsee"]
[Date "2022.11.18"]
[Round "3.15"]
[White "Gahan, M G."]
[Black "Woestmann, Ulrich"]
[Result "1-0"]
[WhiteElo "2228"]
[BlackElo "1991"]
[PlyCount "53"]
[EventDate "2022.??.??"]
[WhiteTeam "vereinslos"]
[BlackTeam "SV Ahlen 1954"]

1. e4 c5 2. c3 d5 3. exd5 Qxd5 4. d4 Nc6 5. dxc5 Qxd1+ 6. Kxd1 Bg4+ 7. f3
O-O-O+ 8. Ke1 Bf5 9. Be3 e5 10. Bc4 Bg6 11. Nd2 Nf6 12. Ne2 Nd5 13. Bf2 Be7 14.
Rd1 f5 15. Ne4 fxe4 16. Bxd5 exf3 17. gxf3 Bg5 18. Rg1 Bc2 19. Be6+ Kc7 20.
Rxd8 Rxd8 21. Nd4 Nxd4 22. cxd4 Bf6 23. d5 b6 24. Kd2 Ba4 25. Rc1 bxc5 26.
Rxc5+ Kb7 27. Ra5 1-0

[Event "Sparkassen-Open A"]
[Site "Heusenstamm, Martinsee"]
[Date "2022.11.18"]
[Round "3.16"]
[White "Nemitz, Alfred"]
[Black "Haack, Kevin"]
[Result "1-0"]
[WhiteElo "1802"]
[BlackElo "2219"]
[PlyCount "81"]
[EventDate "2022.??.??"]
[WhiteTeam "USV Potsdam"]
[BlackTeam "SV 1920 Hofheim"]

1. d4 Nf6 2. Nf3 e6 3. Bg5 c5 4. c3 cxd4 5. cxd4 Nc6 6. Nc3 d5 7. e3 Be7 8. Bd3
O-O 9. O-O h6 10. Bh4 g5 11. Bg3 Nh5 12. Be5 f6 13. Bg3 Nxg3 14. hxg3 f5 15. a3
a6 16. Nd2 Bd7 17. b4 a5 18. b5 Na7 19. Nf3 Bf6 20. Qb3 Nc8 21. Ne2 Qc7 22.
Rfc1 Qd6 23. Rc5 b6 24. Rc2 Ne7 25. Rac1 Rfc8 26. Qb2 Ng6 27. g4 Rxc2 28. Rxc2
fxg4 29. Nh2 Kg7 30. Nxg4 h5 31. Nxf6 Kxf6 32. e4 dxe4 33. Bxe4 Rd8 34. Bc6 Ne7
35. Ng3 Kg6 36. Qc3 Bxc6 37. bxc6 Rc8 38. Qd3+ Kh6 39. Qf3 g4 40. Qf6+ Ng6 41.
Nf5+ 1-0

[Event "Sparkassen-Open A"]
[Site "Heusenstamm, Martinsee"]
[Date "2022.11.18"]
[Round "3.17"]
[White "Kocharin, Timur"]
[Black "Dgebuadze, Alexandre"]
[Result "0-1"]
[WhiteElo "2103"]
[BlackElo "2420"]
[PlyCount "120"]
[EventDate "2022.??.??"]
[WhiteTeam "TSV Schönaich"]
[BlackTeam "SC Remagen-Sinzig"]

1. e4 e6 2. d4 d5 3. Nc3 Bb4 4. e5 Ne7 5. Qg4 Nf5 6. Bd3 h5 7. Qf4 Nc6 8. Nf3
Nce7 9. a3 Ng6 10. Qd2 Be7 11. Ne2 b6 12. Ng3 h4 13. Nxf5 exf5 14. h3 c6 15.
O-O a5 16. Re1 Ra7 17. c4 dxc4 18. Bxc4 Be6 19. Qc2 Rc7 20. Bd3 Rh5 21. Qe2 Nf8
22. Be3 Bd5 23. Nd2 g6 24. Nc4 Rd7 25. b4 axb4 26. axb4 Ne6 27. f4 b5 28. Nd6+
Bxd6 29. exd6 Kf8 30. Ra6 Rxd6 31. Rea1 Kg7 32. Ra8 Qf6 33. Qf2 Rh8 34. Rxh8
Kxh8 35. Ra6 Rd8 36. Kh2 Kg8 37. Kg1 Qe7 38. Bd2 Re8 39. Ra1 Ng7 40. Re1 Be4
41. Bc3 Qf6 42. Bf1 Ra8 43. Ra1 Rxa1 44. Bxa1 Nh5 45. Bc3 Ng3 46. Be1 Qe7 47.
Qd2 Qa7 48. Bf2 Qa1 49. Be1 Qb1 50. Be2 Qc2 51. Bd1 Qc4 52. Bxg3 hxg3 53. Be2
Qb3 54. Bf1 Qb1 55. Qc3 Qd1 56. Qa3 Kf8 57. Qc3 Bd5 58. Qc5+ Kg8 59. Qc3 Bc4
60. Qf3 Qxd4+ 0-1

[Event "Sparkassen-Open A"]
[Site "Heusenstamm, Martinsee"]
[Date "2022.11.18"]
[Round "3.18"]
[White "Spriestersbach, Kai"]
[Black "Farmani Anosheh, Armin"]
[Result "1-0"]
[WhiteElo "2050"]
[BlackElo "2330"]
[PlyCount "85"]
[EventDate "2022.??.??"]
[WhiteTeam "SV Erkenschwick"]
[BlackTeam "vereinslos"]

1. d4 Nf6 2. Nf3 d5 3. g3 c5 4. Bg2 cxd4 5. O-O h6 6. Nxd4 e5 7. Nb3 Nc6 8. Nc3
d4 9. Na4 Be6 10. Nac5 Bxc5 11. Nxc5 Bd5 12. e4 Bc4 13. Nd3 Qe7 14. b3 Bxd3 15.
cxd3 a5 16. a3 Ra6 17. Bd2 O-O 18. f4 Rb6 19. Bh3 Ra8 20. Qc2 Ne8 21. f5 Rb5
22. b4 axb4 23. axb4 Rxa1 24. Rxa1 Nd6 25. Ra8+ Kh7 26. Qa4 Rb6 27. g4 Nb5 28.
g5 hxg5 29. Qd1 Nd8 30. f6 Rxf6 31. Bf5+ Rxf5 32. Qh5+ Kg8 33. exf5 f6 34. Qd1
Nc7 35. Rb8 Qd7 36. b5 Kh7 37. Qh5+ Kg8 38. Ba5 Qe7 39. Rc8 Qd7 40. Rxc7 Qxb5
41. Be1 Qb1 42. Qe8+ Kh7 43. Qg6+ 1-0

[Event "Sparkassen-Open A"]
[Site "Heusenstamm, Martinsee"]
[Date "2022.11.18"]
[Round "3.19"]
[White "Bräutigam, Thomas"]
[Black "Solonar, Stefan"]
[Result "0-1"]
[WhiteElo "2051"]
[BlackElo "2282"]
[PlyCount "112"]
[EventDate "2022.??.??"]
[WhiteTeam "SV Würzburg von 1865"]
[BlackTeam "SC Heusenstamm"]

1. d4 Nf6 2. Nf3 d6 3. g3 Nbd7 4. Bg2 e5 5. O-O g6 6. b3 Bg7 7. dxe5 dxe5 8.
Bb2 Qe7 9. e3 O-O 10. Qc1 e4 11. Nfd2 b6 12. Nc3 Bb7 13. h3 Rfe8 14. Rd1 Nf8
15. Nc4 Ne6 16. Ba3 Nc5 17. Rb1 a6 18. Nd2 Qe5 19. Bb2 Qf5 20. Ne2 h5 21. Nd4
Qg5 22. h4 Qg4 23. Nf1 Rad8 24. b4 Na4 25. Nh2 Qc8 26. Ba1 c5 27. bxc5 Qxc5 28.
c4 Qc7 29. Qa3 Nc5 30. Rdc1 Nfd7 31. Rc2 Nd3 32. Qb3 Be5 33. Nf1 N3c5 34. Qb4
Bd6 35. Qc3 Ne5 36. Ne2 Nf3+ 37. Bxf3 Be5 38. Qb4 exf3 39. Nf4 Be4 40. Rd2 Bxb1
41. Qxb1 Bxa1 42. Qxa1 Ne4 43. Rd4 Rxd4 44. Qxd4 b5 45. cxb5 axb5 46. Qd1 Qc4
47. a3 Rc8 48. Qxf3 Qxf1+ 49. Kxf1 Nd2+ 50. Kg2 Nxf3 51. Kxf3 Ra8 52. Ke2 Rxa3
53. e4 Ra2+ 54. Ke3 b4 55. Nh3 b3 56. Kd3 Rc2 0-1

[Event "Sparkassen-Open A"]
[Site "Heusenstamm, Martinsee"]
[Date "2022.11.18"]
[Round "3.20"]
[White "Kersten, Uwe"]
[Black "Wilhelm, Jochen"]
[Result "1-0"]
[WhiteElo "2256"]
[BlackElo "2059"]
[PlyCount "115"]
[EventDate "2022.??.??"]
[WhiteTeam "Sfr.Bad Emstal/Wolfhagen"]
[BlackTeam "SC 1970 Lorsch"]

1. d4 d5 2. c4 e6 3. Nc3 Nf6 4. cxd5 exd5 5. Bg5 c6 6. e3 Bf5 7. Bd3 Bxd3 8.
Qxd3 Be7 9. Bxf6 Bxf6 10. Nf3 Nd7 11. O-O a5 12. e4 dxe4 13. Qxe4+ Qe7 14. Qf5
O-O 15. Rfe1 Qd8 16. Ne4 Nb6 17. Rad1 Nd5 18. Ne5 Bxe5 19. dxe5 Qc8 20. Qf3 Qe6
21. Nc5 Qe7 22. Rc1 Rad8 23. a3 b6 24. Nb3 c5 25. Rcd1 Nc7 26. Qg3 Nb5 27. a4
Nd4 28. Nxd4 Rxd4 29. Rxd4 cxd4 30. f4 Rd8 31. f5 d3 32. f6 Qc5+ 33. Kf1 g6 34.
Qf4 d2 35. Rd1 Qc2 36. Ke2 Qd3+ 37. Kf2 Qc2 38. Qh6 Qc5+ 39. Kf1 Qc4+ 40. Kg1
Qc5+ 41. Kf1 Qc4+ 42. Kg1 Qc5+ 43. Kh1 Qf8 44. Rxd2 Rc8 45. Qxf8+ Kxf8 46. h3
Ke8 47. Rd6 Rc1+ 48. Kh2 Re1 49. Rxb6 Rxe5 50. Rb5 Re6 51. Rxa5 Rxf6 52. b4 Rf4
53. Rb5 Kd7 54. a5 Kc6 55. a6 Kxb5 56. a7 Rf5 57. a8=Q Kxb4 58. g4 1-0

[Event "Sparkassen-Open A"]
[Site "Heusenstamm, Martinsee"]
[Date "2022.11.18"]
[Round "3.21"]
[White "Weil, Volker"]
[Black "Podat, Vladimir"]
[Result "0-1"]
[WhiteElo "2031"]
[BlackElo "2255"]
[PlyCount "74"]
[EventDate "2022.??.??"]
[WhiteTeam "SC Steinbach"]
[BlackTeam "SC Untergrombach 46"]

1. d4 Nf6 2. Nf3 g6 3. g3 Bg7 4. Bg2 O-O 5. O-O d5 6. c3 b6 7. c4 e6 8. Nc3 Bb7
9. Ne5 Ne4 10. cxd5 exd5 11. f4 f6 12. Nd3 Nc6 13. e3 Nxc3 14. bxc3 Na5 15. Re1
Qd7 16. a4 Rfe8 17. Ra2 Nc4 18. Nf2 Bc6 19. Qg4 Qxg4 20. Nxg4 Re7 21. Nf2 Rae8
22. Nd1 Kf7 23. Kf2 Ke6 24. Nb2 Nd6 25. c4 f5 26. Rd1 Ne4+ 27. Bxe4 fxe4 28.
Bd2 dxc4 29. Nxc4 Bd5 30. Rc2 c5 31. dxc5 Rc8 32. Rdc1 bxc5 33. Na5 c4 34. Bc3
Bxc3 35. Rxc3 Rec7 36. Nb3 cxb3 37. Rxc7 Rxc7 0-1

[Event "Sparkassen-Open A"]
[Site "Heusenstamm, Martinsee"]
[Date "2022.11.18"]
[Round "3.22"]
[White "Stümer, Paul"]
[Black "Röschlau, Bernd"]
[Result "1/2-1/2"]
[WhiteElo "2009"]
[BlackElo "2214"]
[PlyCount "61"]
[EventDate "2022.??.??"]
[WhiteTeam "SV Bergneustadt/Dersch"]
[BlackTeam "SC Heusenstamm"]

1. Nf3 Nf6 2. d4 g6 3. c4 Bg7 4. Nc3 d5 5. e3 O-O 6. cxd5 Nxd5 7. Bc4 Nb6 8.
Bb3 Bg4 9. h3 Bxf3 10. Qxf3 Nc6 11. O-O e5 12. dxe5 Bxe5 13. Rd1 Qf6 14. Qxf6
Bxf6 15. Ne4 Bg7 16. Bd2 Bxb2 17. Rab1 Bg7 18. Nc5 Rab8 19. Be1 Rfe8 20. Rbc1
Nd8 21. a4 Na8 22. a5 Rc8 23. a6 bxa6 24. Nxa6 Bf8 25. Ba5 Ne6 26. Ba4 Re7 27.
Bc6 Ng7 28. Bb7 Rce8 29. Bc6 Rc8 30. Bb7 Rce8 31. Bc6 1/2-1/2

[Event "Sparkassen-Open A"]
[Site "Heusenstamm, Martinsee"]
[Date "2022.11.18"]
[Round "3.23"]
[White "Minor, Samuel"]
[Black "Rosenberger, Frank"]
[Result "0-1"]
[WhiteElo "2210"]
[BlackElo "2033"]
[PlyCount "74"]
[EventDate "2022.??.??"]
[WhiteTeam "Wiesbadener SV 1885"]
[BlackTeam "SK 1980 Gernsheim"]

1. e4 e6 2. d3 d5 3. Qe2 dxe4 4. dxe4 e5 5. Nf3 Nc6 6. c3 a5 7. Qc2 Bc5 8. Bb5
Qe7 9. O-O Nf6 10. Nbd2 O-O 11. Nc4 Na7 12. Ba4 b5 13. Ncxe5 bxa4 14. Qxa4 Bb6
15. h3 Nd7 16. Nxd7 Bxd7 17. Qc2 Nc6 18. Bf4 f6 19. Rfe1 Ne5 20. Nd2 Be6 21.
Rad1 Rad8 22. Nf1 a4 23. b3 axb3 24. axb3 Qf7 25. c4 Bd4 26. Ne3 Bxe3 27. Rxe3
Rxd1+ 28. Qxd1 Qe7 29. Qa1 Qc5 30. Qc3 Rd8 31. Re2 Ng6 32. Rd2 Rxd2 33. Qxd2
Ne5 34. Be3 Qd6 35. f4 Nc6 36. Kf2 Qb4 37. Qxb4 Nxb4 $138 0-1

[Event "Sparkassen-Open A"]
[Site "Heusenstamm, Martinsee"]
[Date "2022.11.18"]
[Round "3.24"]
[White "Böhme, Sebastian"]
[Black "Pauls, Wilhelm"]
[Result "1/2-1/2"]
[WhiteElo "2172"]
[BlackElo "2007"]
[PlyCount "48"]
[EventDate "2022.??.??"]
[WhiteTeam "SC Erlangen 48/88"]
[BlackTeam "SG Kaarst 1912/35"]

1. e4 c5 2. Nf3 Nc6 3. Bb5 g6 4. Bxc6 bxc6 5. O-O Bg7 6. Re1 Nh6 7. c3 O-O 8.
d4 cxd4 9. cxd4 d5 10. e5 f6 11. h3 Qb6 12. Nc3 fxe5 13. Na4 Qb5 14. Nxe5 Nf7
15. Nxf7 Rxf7 16. Bg5 Qb4 17. Be3 Bf5 18. Rc1 Re8 19. Rxc6 e5 20. dxe5 Bxe5 21.
a3 Qh4 22. f4 Bxf4 23. Bf2 Rxe1+ 24. Qxe1 Qd8 1/2-1/2

[Event "Sparkassen-Open A"]
[Site "Heusenstamm, Martinsee"]
[Date "2022.11.18"]
[Round "3.25"]
[White "Vihan, Shourya"]
[Black "Warter, Siegfried"]
[Result "1/2-1/2"]
[WhiteElo "1661"]
[BlackElo "2149"]
[PlyCount "83"]
[EventDate "2022.??.??"]
[WhiteTeam "SV 1934 Ffm-Griesheim"]
[BlackTeam "SC Turm Winterbach"]

1. d4 Nf6 2. c4 e6 3. Nc3 d5 4. cxd5 Nxd5 5. e4 Nxc3 6. bxc3 c5 7. Nf3 cxd4 8.
cxd4 Bb4+ 9. Bd2 Bxd2+ 10. Qxd2 O-O 11. Bc4 Qe7 12. O-O Rd8 13. Rad1 Nd7 14.
Rfe1 h6 15. d5 e5 16. Re3 Nf8 17. Rd3 Rd6 18. Ne1 Ng6 19. g3 Bh3 20. Ng2 f5 21.
exf5 Bxf5 22. Rc3 Rf8 23. Ne3 Be4 24. Bd3 Bxd3 25. Rxd3 e4 26. Rc3 Ne5 27. Nc4
Nf3+ 28. Rxf3 exf3 29. Nxd6 Qxd6 30. Qe3 Rf6 31. Qe4 b5 32. Qe8+ Rf8 33. Qxb5
Qe5 34. Qd3 Qh5 35. d6 Qh3 36. Qf1 Qd7 37. Qc4+ Rf7 38. Qd3 Qh3 39. Qf1 Qd7 40.
Kh1 g6 41. Qd3 Kg7 42. Qd4+ 1/2-1/2